000 00749cam a22002413a 4500
001 25115
003 PGUSA
005 20140828083535.0
008 080421s2008||||xxu|||||s|||||000 | eng d
040 _aPGUSA
_beng
042 _adc
050 4 _aHD
100 1 _aBurritt, Elihu,
_d1810-1879
245 1 2 _aA Journal of a Visit of Three Days to Skibbereen, and its Neighbourhood
_h[electronic resource] /
_cElihu Burritt
260 _bProject Gutenberg,
_c2008
506 _aPublic domain in the USA.
516 _aElectronic text
653 _aFamines -- Ireland -- Skibbereen
653 _aSkibbereen (Ireland) -- Economic conditions
830 0 _aProject Gutenberg
_v25115
856 4 0 _uhttp://www.gutenberg.org/ebooks/25115
942 _cEB
999 _c254370
_d254370